000 00481cam a2200181 4500
001 43786
090 _a43786
100 _a19931102d1942 km y0pory5003 ba
101 1 _apor
102 _aPT
200 1 _aConceito, evolucão e filosofia da História
_fZacarias Garcia Villada
210 9 _aLisboa
_cLivraria Clássica
_d1942
215 _a70 , [1]p.
_d19 cm
225 2 _aGládio
_v3
675 _a930
700 1 _aGarcía Villada,
_bZacarías,
_f1879-1936
801 0 _aPT
_bBN
_gRPC
990 _cLIVROS